Giáo trình cơ sở hóa học hữu cơ Sách dành cho các trường cao đẳng sư phạm T.2

HO039; HO050

محفوظ في:
التفاصيل البيبلوغرافية
المؤلف الرئيسي: Trần, Quốc Sơn
مؤلفون آخرون: Đặng, Văn Liễu
التنسيق: كتاب
اللغة:Undetermined
منشور في: H. ĐHSP 2005
الموضوعات:
الوصول للمادة أونلاين:http://lrc.tdmu.edu.vn/opac/search/detail.asp?aID=2&ID=5595
الوسوم: إضافة وسم
لا توجد وسوم, كن أول من يضع وسما على هذه التسجيلة!
Thư viện lưu trữ: Trung tâm Học liệu Trường Đại học Thủ Dầu Một
LEADER 00765nam a2200241Ia 4500
001 TDMU_5595
008 210410s9999 xx 000 0 und d
082 |a 547 
090 |b TR105 
100 |a Trần, Quốc Sơn 
245 0 |a Giáo trình cơ sở hóa học hữu cơ 
245 0 |b Sách dành cho các trường cao đẳng sư phạm 
245 0 |c Trần Quốc Sơn 
245 0 |n T.2 
260 |a H. 
260 |b ĐHSP 
260 |c 2005 
300 |a 360tr. 
520 |a HO039; HO050 
650 |a Hóa hữu cơ  |v Giáo trình 
700 |a Đặng, Văn Liễu 
856 |u http://lrc.tdmu.edu.vn/opac/search/detail.asp?aID=2&ID=5595 
980 |a Trung tâm Học liệu Trường Đại học Thủ Dầu Một